LEADER 01521nam a2200301 4500 001 000000340280 003 CaOOAMICUS 005 20200521155719.0 008 200521s1962 it 000 u ita r 040 $aSeMil$bita 240 10$aGreen hills of Africa.$0(OLS)http://semarc/title/429300 245 10$a3: Verdi colline d'Africa ; Morte nel pomeriggio ; Per chi suona la campana ; La quinta colonna /$ctraduzioni di Attilio Bertolucci ... [et al.]. 264 1$aMilano :$bMondadori,$c1962. 300 $a1281 p., [1] c. di tav. :$britratto ;$c20 cm 500 $aIn custodia 541 0 $aFondo mons. Pasquale Macchi 700 1 $aBertolucci, Attilio,$d<1911-2000>.$0(OLS)http://semarc/name/6821 700 1 $aHemingway, Ernest,$d<1898-1961>.$0(OLS)http://semarc/name/6998 730 02$aDeath in the afternoon.$0(OLS)http://semarc/title/293124 730 02$aFor whom the bell tolls.$0(OLS)http://semarc/title/235974 730 42$aThe fifth column.$0(OLS)http://semarc/title/429302 773 0 $aHemingway, Ernest <1898-1961>$tOpere di Ernest Hemingway.$dMilano : Mondadori, 1962.$kClassici contemporanei stranieri$w()340278 850 $aSeMil 852 $aSeMil$W1$xVenegono$y1$m1V II 386$j221346$B231392$CSeMilBibl$Z2$F231392 $81 941 1 $a9 996 $6245$a3: Verdi colline d'Africa ; Morte nel pomeriggio ; Per chi suona la campana ; La quinta colonna$9(OLS)http://semarc/title/429301 996 $6264$aMilano :$bMondadori$9(OLS)http://semarc/publisher/30335 LEADER 01115nam a2200277 4500 001 000000344442 003 CaOOAMICUS 005 20210223105755.0 008 210223s2017 it 000 u ita r 020 $a978-88-215-9076-4 040 $aSeMil$bita 100 1 $aCurtaz, Paolo,$d<1965- >.$0(OLS)http://semarc/name/22436 245 10$aGesł guarisce /$cPaolo Curtaz. 264 1$aCinisello Balsamo :$bSan Paolo,$c2017. 300 $a206 p. ;$c21 cm 490 1 $aDimensioni dello spirito ;$v274 500 $aIn copertina: rivoglio il Vangelo 650 4$aGesł Cristo - Guarigioni.$0(OLS)http://semarc/subject/10064 830 0$aDimensioni dello spirito ;$v274.$0(OLS)http://semarc/title/428593 850 $aSeMil 852 $aSeMil$W1$xVenegono$y1$m2V II 87$j269075$B235452$CSeMilBibl$Z2$F235452 $81 961 $aCaimi don Pino - Lascito 996 $6020$a978-88-215-9076-4$9(OLS)http://semarc/number/292438 996 $6245$aGesł guarisce$9(OLS)http://semarc/title/433529 996 $6264$aCinisello Balsamo :$bSan Paolo$9(OLS)http://semarc/publisher/30129